000 01130naa a2200289 c 4500
001 37527
003 ES-MaCES
005 20070129134600.0
008 070129n2006 sp t ||0 | spa d
035 _aCES20070000448v
040 _aES-MaCES
_bspa
_cES-MaCES
100 1 _aIgartua Miró, María Teresa
_915129
245 1 3 _aEl servicio de prevención propio y la externalización parcial de actividades
_b: a propósito de la STS Social 3 noviembre 2005
_cMaría Teresa Igartua Miró
650 4 _apoder empresarial
_930600
650 4 _anegociación colectiva
_928362
650 4 _arepresentante de los trabajadores
_928374
650 4 _aderechos de los trabajadores
_929924
650 4 _aseguridad en el trabajo
_928348
650 4 _asistema de medidas
_928862
650 4 _aprevención
_929707
650 4 _atrabajador
_928414
653 1 0 _aRelaciones laborales-Empleo
773 0 _tRevista española de Derecho del trabajo
_gn. 131 (sept. 2006){10040 R. 066497}; p. 751-776
_w(ES-MaCES)25060
_932374
902 _aART Artículo de revista
942 _2CES
_cAR
_h2.0.
999 _c37527
_d37527